[Event "5° Torneo Un Matto all'ora"]
[Site "?"]
[Date "2024.12.29"]
[Round "5"]
[White "Brugnoni, Lorenzo"]
[Black "Zincani, Riccardo"]
[Result "1-0"]
[WhiteElo "1973"]
[BlackElo "1929"]
[PlyCount "127"]
[EventDate "2024.??.??"]
[SourceVersionDate "2024.12.31"]

1. d4 Nf6 2. Bg5 d5 3. Bxf6 exf6 4. e3 c6 5. c4 dxc4 6. Bxc4 Bd6 7. Nf3 O-O 8. O-O Nd7 9. Qc2 f5 10. Bd3 g6 11. Nbd2 Nf6 12. Nc4 Bc7 13. b4 Be6 14. a4 Bd5 15. Ncd2 Qe7 16. Rab1 Ne4 17. Bc4 Nxd2 18. Nxd2 Qd6 19. g3 h5 20. Bxd5 Qxd5 21. Qc4 Qd8 22. Nf3 Kg7 23. b5 Rc8 24. bxc6 bxc6 25. Rb7 a5 26. Rfb1 Qf6 27. Ra7 Bd6 28. Rbb7 Rb8 29. Qxc6 Rxb7 30. Rxb7 Rb8 31. Rxb8 Bxb8 32. Qxf6+ Kxf6 33. Kf1 Ke6 34. Ke2 Kd5 35. Kd3 Bd6 36. Nd2 h4 37. Nf3 hxg3 38. hxg3 Bc7 39. Ng5 f6 40. Nf3 g5 41. Nd2 Bd6 42. Nf1 Bc7 43. f3 g4 44. e4+ fxe4+ 45. fxe4+ Ke6 46. Ne3 Bxg3 47. Nxg4 f5 48. exf5+ Kxf5 49. Ne3+ Ke6 50. Nc4 Bc7 51. Ke4 Bd8 52. d5+ Kd7 53. Kd4 Bf6+ 54. Kc5 Bc3 55. Nb6+ Kc7 56. Nc4 Kd7 57. d6 Bb4+ 58. Kd5 Bc3 59. Nb6+ Kd8 60. Kc6 Be1 61. Nd5 Bh4 62. Nc7 Bf6 63. d7 Ke7 64. Nd5+ 1-0